000 00556cam a2200193 4500
001 M97661
008 090401t1999 xxu||||| |||| 00| 0 eng d
035 _a(Sirsi) u99802
041 _aeng
110 _aRoyal Institution of Chartered Surveyors
_94900
245 _aResidential leasehold reform in England and Wales
260 _bRoyal Institution of Chartered Surveyors
_c1999
350 _a0
490 _aRICS Policy Unit Submission
_vPU/SUB/019
650 _aLEASEHOLD ENFRANCHISEMENT
690 _aPROPERTY
942 _n0
948 _c24/03/1999
999 _c99464
_d99464